Promets-moi / (Record no. 10)

MARC details
000 -LEADER
fixed length control field 01334cam a2200361 a 4500
001 - CONTROL NUMBER
control field 14193932
003 - CONTROL NUMBER IDENTIFIER
control field FISKH
005 - DATE AND TIME OF LATEST TRANSACTION
control field 20251020112525.0
008 - FIXED-LENGTH DATA ELEMENTS--GENERAL INFORMATION
fixed length control field 051208s2006 nyu 000 1 eng
010 ## - LIBRARY OF CONGRESS CONTROL NUMBER
LC control number 2005035806
020 ## - INTERNATIONAL STANDARD BOOK NUMBER
International Standard Book Number 0525949496
020 ## - INTERNATIONAL STANDARD BOOK NUMBER
International Standard Book Number 9780525949497
020 ## - INTERNATIONAL STANDARD BOOK NUMBER
International Standard Book Number 9782266178204
035 ## - SYSTEM CONTROL NUMBER
System control number (OCoLC)ocm62536000
040 ## - CATALOGING SOURCE
Original cataloging agency DLC
Transcribing agency DLC
Modifying agency BAKER
-- HHO
-- C#P
-- VP@
-- DLC
-- DLC
-- FISKH
Language of cataloging eng
050 00 - LIBRARY OF CONGRESS CALL NUMBER
Classification number PS3553
Item number .O225 P76 2006
082 00 - DEWEY DECIMAL CLASSIFICATION NUMBER
Classification number 813.54
Edition number 22
100 1# - MAIN ENTRY--PERSONAL NAME
Personal name Coben, Harlan,
Dates associated with a name 1962-
245 10 - TITLE STATEMENT
Title Promets-moi /
Statement of responsibility, etc. Harlan Coben.
Remainder of title Thriller
260 ## - PUBLICATION, DISTRIBUTION, ETC.
Place of publication, distribution, etc. New York, N.Y. :
Name of publisher, distributor, etc. Dutton,
Date of publication, distribution, etc. c2006.
300 ## - PHYSICAL DESCRIPTION
Extent 370 p.
Dimensions 24 cm.
500 ## - GENERAL NOTE
General note French translation of original English text
600 10 - SUBJECT ADDED ENTRY--PERSONAL NAME
Personal name Bolitar, Myron
Titles and other words associated with a name (Fictitious character)
Form subdivision Fiction.
650 #0 - SUBJECT ADDED ENTRY--TOPICAL TERM
Topical term or geographic name entry element Sports agents
Form subdivision Fiction.
650 #0 - SUBJECT ADDED ENTRY--TOPICAL TERM
Topical term or geographic name entry element Missing children
Form subdivision Fiction.
650 #0 - SUBJECT ADDED ENTRY--TOPICAL TERM
Topical term or geographic name entry element Teenage girls
General subdivision Crimes against
Form subdivision Fiction.
655 #7 - INDEX TERM--GENRE/FORM
Genre/form data or focus term Mystery fiction.
Source of term gsafd
856 41 - ELECTRONIC LOCATION AND ACCESS
Materials specified Table of contents only
Uniform Resource Identifier <a href="http://www.loc.gov/catdir/toc/ecip065/2005035806.html">http://www.loc.gov/catdir/toc/ecip065/2005035806.html</a>
856 42 - ELECTRONIC LOCATION AND ACCESS
Materials specified Publisher description
Uniform Resource Identifier <a href="http://www.loc.gov/catdir/enhancements/fy0719/2005035806-d.html">http://www.loc.gov/catdir/enhancements/fy0719/2005035806-d.html</a>
856 42 - ELECTRONIC LOCATION AND ACCESS
Materials specified Contributor biographical information
Uniform Resource Identifier <a href="http://www.loc.gov/catdir/enhancements/fy0719/2005035806-b.html">http://www.loc.gov/catdir/enhancements/fy0719/2005035806-b.html</a>
906 ## - LOCAL DATA ELEMENT F, LDF (RLIN)
a 7
b cbc
c orignew
d 1
e ecip
f 20
g y-gencatlg
942 ## - ADDED ENTRY ELEMENTS (KOHA)
Source of classification or shelving scheme Library of Congress Classification
Koha item type Books
Suppress in OPAC No
Holdings
Withdrawn status Lost status Source of classification or shelving scheme Damaged status Not for loan Collection Home library Current library Shelving location Date acquired Total Checkouts Full call number Barcode Date last seen Copy number Price effective from Koha item type
    Dewey Decimal Classification     Fiction Footprints International School Library Network Toul Kork Campus Footprints International School Library Network Toul Kork Campus A TK Campus, 4th Floor, Room B401, Fiction Bookcases (1-6) 01/03/2023   COB 813.54 PS3553.O225 P76 2023-0002 10/02/2023 1 01/03/2023 Books